Pokladnice her [116 nejlepších stolních her z celého světa]

Bibliographic Details
Main Author: Zapletal, Miloš, 1930-2025 (Author)
Format: Book
Language:Undetermined
PhysicalDescription:246 s.
Published: Praha Mladá fronta 1968

MARC

LEADER 00000nam a2200000 a 4500
001 vtls001285956
003 SK-MaSNL
005 20260302032619.0
008 240314s1968 xx 0 und
035 |a SNK000237494 
040 |a SNK  |b slo  |c SNK  |e AACR2 
100 1 |a Zapletal, Miloš,  |d 1930-2025  |4 aut  |9 175280 
245 1 0 |a Pokladnice her  |b [116 nejlepších stolních her z celého světa] 
260 |a Praha  |b Mladá fronta  |c 1968 
300 |a 246 s. 
958 |a OND 
999 |c 1057607  |d 1059537 
952 |t P60, <04>, [BOOK], {604}  |a SNK  |b SNK  |y VYP  |7 0  |p 17A0064633  |o snkIE 3712 D1  |0 0  |1 1  |4 0  |d 1997-05-07  |l 0  |r 2005-01-02 00:00:00  |w 2026-02-24 
952 |t P60, <04>, [BOOK], {604}  |a SNK  |b SNK  |y VYP  |7 0  |p 17A0238543  |o snkIE 3712  |0 0  |1 0  |4 0  |d 2000-06-05  |l 0  |r 2005-01-02 00:00:00  |w 2026-02-24